000
00317nam a22001337a 4500
020
_a
9780138958633
040
_c
Nust
082
_a
006.3
_b
HAY
100
_a
Haykin, Simon
245
_a
Neural Networks
260
_a
New Jersey:
_b
Prentice -Hall ,Inc,
_c
1994.
650
_a
Neural Networks
_9
58055
942
_2
ddc
_c
BK
999
_c
610096
_d
610096